000 00684nam a22002777a 4500
999 _c11667
_d11667
003 OSt
008 230106b ||||| |||| 00| 0 eng d
020 _a9789332587106
082 _a658.8 AGM
100 _aGUPTA,Prachi
245 _aMarketing Management: Indian Cases
250 _a7th IMP
260 _aNew Delhi
_bPearson
_c2022
300 _aMISC
650 _aMarketing Management
700 _aAGGARWAL,Ashita
700 _aMAJRA,Hufrish
700 _aJACOB,Isaac
700 _aJAIN,Varsha
700 _aKRISHANA,G Radha
700 _aNARANG,Ritu
700 _aVENKATESH,Shanthi
700 _aPAUL A,Suresh
700 _aGOSWAMI,Susobhan
942 _2ddc
_cREF